Sure of you /

Gespeichert in:
Bibliographische Detailangaben
1. Verfasser: Maupin, Armistead (Verfasst von)
Format: Buch
Sprache:Englisch
Veröffentlicht: London : Black Swan, 1998
Tags: Tag hinzufügen
Keine Tags, Fügen Sie das erste Tag hinzu!

MARC

LEADER 00000nam a22000007i 4500
001 IT\ICCU\UBO\1782934
003 ItRI
005 20260115231819.0
008 020719s1998 xxk|||||| ||||| |||||c
020 |a 0552993743 
040 |b ita  |c importazione bologna sebina 
041 7 |a eng  |2 ISO-639-2 
100 1 |a Maupin, Armistead  |0 IT\ICCU\LO1V\194253  |4 aut 
245 1 0 |a Sure of you /  |c Armistead Maupin. 
260 |a London :  |b Black Swan,  |c 1998 
300 |a 283 p. ;  |c 20 cm. 
942 |2 ddc  |c BK  |n 0 
952 |0 0  |1 0  |4 0  |6 DOC_813_540000000000000_MAU  |7 0  |9 13306  |a BO  |b BO  |d 2026-01-15  |i 4983  |l 0  |o DOC 813.54 MAU  |p BO4983  |r 2026-01-15 23:18:19  |w 2026-01-15  |x [Sebina 5] [1 v.]  |y BK  |z 1 v. 
999 |c 11426  |d 11426